Wpłaty na Cancer Fighters - Statystyki

Ogólne statystyki
  • Ten quiz został rozwiązany 7 razy
  • Średni wynik to 9 z 18
Statystyki odpowiedzi
Obrazkowy Hint Odpowiedź % Poprawnych
1 000 000,00 zł Robert Lewandowski
100%
2 510 132 ,68 zł Tymbark
100%
1 001 300,99 zł XTB
100%
777 827,67 zł Allegro
71%
1 000 000,00 zł Apart
71%
1 000 005,67 zł Ewelina
71%
500 000,00 zł Żabka
71%
1 001 176,71 zł Bedoes 2115
57%
1 870 020,67 zł Kuchnia Vikinga
57%
1 000 445,67 zł Ne Boa
57%
800 000,00 zł Ewa Chodakowska
43%
2 555 529,40 zł Zen
43%
2 501 274,13 zł Budimex
29%
898 867,77 zł OnlyBIO
29%
1 300 021,37 zł Wydawnictwo Niezwykłe
14%
500 000,00 zł Olimp
0%
800 000,00 zł Paweł Marchewka
0%
700 021.37 zł Vezzi
0%
Nie znaleziono quizów pasujących do podanych kryteriów
Rozkład punktacji
Procent ludzi z każdym wynikiem
Percentyl według liczby udzielonych odpowiedzi
Twoja historia wyników
Nie rozwiązałeś tego quizu